Normal view
MARC view
- Restraint of trade
Entry Topical Term
001 - CONTROL NUMBER
- control field: 102936
003 - CONTROL NUMBER IDENTIFIER
- control field: NUST
005 - DATE AND TIME OF LATEST TRANSACTION
- control field: 20221117152533.0
008 - FIXED-LENGTH DATA ELEMENTS
- fixed length control field: 221117|| aca||aabn | a|a d
040 ## - CATALOGING SOURCE
- Original cataloging agency: NUST
- Transcribing agency: NUST
150 ## - HEADING--TOPICAL TERM
- Topical term or geographic name entry element: Restraint of trade
670 ## - SOURCE DATA FOUND
- Source citation: Work cat.: (NUST)0: Gerber, David J. 102935, Global competition :, 2012.
